000 00290nam a22001217a 4500
020 _a9781668052273
082 _a973.934 WOO/W
100 _aWoodward,Bob
245 _aWar/
_cby Bob Woodward
260 _a. -New York
_b: Simon & Schuster
_c, 2024
300 _a435 pages
942 _2ddc
_cBK
999 _c749048
_d749048